| 000 | 00499nam a22001817a 4500 | ||
|---|---|---|---|
| 003 | 0 | ||
| 005 | 20231206100805.0 | ||
| 008 | 231206b xxu||||| |||| 00| 0 eng d | ||
| 020 | _a978-981-0919214 | ||
| 050 |
_aFIC _bWat339 2015 |
||
| 082 |
_aFIC _bWat339 2015 |
||
| 100 | _aWatson, Jude | ||
| 245 |
_aStarwars: jedi quest _bThe trail of the jedi _cJude Watson |
||
| 260 |
_aNew York _bScholastic Inc. _cc2015. |
||
| 300 |
_a128 pages ; _c20cm. |
||
| 650 | _aJuvenile fiction. | ||
| 942 |
_2ddc _cBK |
||
| 999 |
_c365718 _d365718 |
||